000 00924nam a2200217Ia 4500
005 20250108125012.0
008 008 250107s9999 xx 000 0 hin d
037 _aTB
040 _aCRL
_bhin
_cCRL
041 _ahin
_2hin
084 _aO152,1M80x Q9
084 _qCRL
100 _aसरस्वती, सत्ययंगानन्द, ले.
_9169250
245 0 _aतत्व शुद्धि: आन्तरिक शुद्धिकरण का तांत्रिक अभ्यास
_cसरस्वती, सत्ययंगानन्द, ले.
260 _aबिहार, भारत
_bयोग पब्लिकेशन्स ट्रस्ट
_c2960
300 _a129पृ0
365 _aINR
_b400
650 _aआध्यात्मिक अनुभव और रहस्यवाद
942 _cTB
_hO152,1M80x Q9
999 _c1235348
_d1235348